000 00454nam a2200145 4500
020 _a0-07-033178-2
082 _a658.568 J886q
100 _aJuran, J. M.
245 _aQuality planning and analysis From product development through use / J. M. Juran
250 _a2a ed.
260 _aEstados Unidos : McGraw- Hill
300 _aXVII, 629p. / 24 cm.
650 _a1. QUALITY COSTS \ 2. PROBABILITY DISTRIBUTIONS
700 _aI. Gryna, Frank M., Coaut.
999 _c23688
_d23688